000 00774nam a2200241 b 4500
003 IT-RoINE
005 20190508085049.0
008 001018s2000 sp r ||| |bspa d
020 _a8434466201
040 _aSpMaBN
_cSpMaBN IT-RoINE
_erdc
_dIT-RoINE
100 1 _95789
_aSuárez Fernández, Luis,
_d1924-
245 1 0 _aIsabel I, reina (1451-1504) /
_cLuis Suárez.
260 _aBarcelona :
_bAriel,
_c2000.
300 _a493 p. ;
_c23 cm.
336 _2rdacontent
_atext
337 _2rdamedia
_aunmediated
338 _2rdacarrier
_avolume
490 1 _a[Biografías]
500 _aEl título de la colección ha sido tomado de la cub.
600 0 4 _aIsabel
_bI,
_cReina de España,
_d1451-1504
_xBiografía
_95226
830 0 _95854
_aBiografías (Ariel)
942 _cMTS
999 _c11341
_d11341